Dar razón de la esperanza

Saved in:
Bibliografiske detaljer
Hovedforfatter: Jiménez Limón, Javier (Author)
Format: Bog
Sprog:spansk
Udgivet: Barcelona Cristianisme i justícia 1987
Fag:
Tags: Tilføj Tag
Ingen Tags, Vær først til at tagge denne postø!

MARC

LEADER 00000nam a2200000 a 4500
001 UCQ2208
003 CL-VaPUC
008 980721e19870000SP |||||||||||||||||spa|d
082 0 4 |a 239  |b JIM  |2 21 
100 0 |a Jiménez Limón, Javier  |e author  |9 416171 
245 1 0 |a Dar razón de la esperanza 
300 |a 46 p 
942 |c BK 
945 |d 19980721 00:00:00  |a aalvarez 
260 |a Barcelona  |b Cristianisme i justícia  |c 1987 
650 0 |a Teología fundamental   |9 313207 
583 |a last modification  |c 19980721 00:00:00  |k Rodrigo Vera 
999 |c 273048  |d 273046 
952 |0 0  |1 0  |4 0  |6 239_000000000000000_JIM_1987  |7 0  |8 A  |9 308322  |a BIBTEO  |b BIBTEO  |d 2019-11-20  |i 3383229  |o 239 JIM 1987  |p 3383229  |r 2025-01-17  |w 2019-11-20  |y BK  |k ICR